Premier League Tabela Wszechczasów - Statystyki

Ogólne statystyki
  • Ten quiz został rozwiązany 62 razy
  • Średni wynik to 18 z 51
Statystyki odpowiedzi
Odpowiedź Gdzie grają(Obecne) % Poprawnych
ManchesterCity Premier League
91%
Chelsea FC Premier League
87%
FC Arsenal Premier League
85%
FC Liverpool Premier League
83%
TottenhamHotspur Premier League
70%
Aston Villa Premier League
69%
FC Everton Premier League
67%
Brighton & Hove Albion Premier League
59%
West HamUnited Premier League
59%
Leicester City Championship (2 Liga Angielska)
54%
NewcastleUnited Premier League
50%
AFC Sunderland Championship (2 Liga Angielska)
48%
Crystal Palace Premier League
48%
FC Fulham Premier League
48%
FC Southampton Championship(2 Liga Angielska)
48%
FC Burnley Premier League
46%
Nottingham Forest Premier League
44%
Leeds United Championship (2 Liga Angielska)
43%
Mamchester United Premier League
43%
WolverhamptonWanderes Premier League
41%
Sheffield Wednesday Championship (2 Liga Angielska)
39%
Blackburn Rovers Championship (2 Liga Angielska)
37%
FC Brentford Premier League
37%
Hull City Championship (2 Liga Angielska)
37%
Ipswich Town Championship (2 Liga Angielska)
33%
AFC Bournemouth Premier League
31%
Luton Town Premier League
31%
Bolton Wanderes EFL League One(3 Liga Angielska)
28%
FC Watford Championship (2 Liga Angielska)
28%
Birmingham City Championship (2 Liga Angielska)
26%
Norwich City Championship (2 Liga Angielska)
26%
Cardiff City Championship (2 Liga Angielska)
24%
FC Middlesbrough Championship (2 Liga Angielska)
24%
Stoke City Championship (2 Liga Angielska)
24%
West BromwichAlbion Championship (2 Liga Angielska)
22%
Coventry City Championship (2 Liga Angielska)
20%
Derby County EFL League One (3 Liga Angielska)
20%
Swansea City Championship (2 Liga Angielska)
20%
Queens Park Rangers Championship (2 Liga Angielska)
19%
Sheffield United Premier League
19%
Wigan Athletic FC EFL League One (3 Liga Angielska)
19%
FC Reading EFL League One (3 Liga Angielska)
15%
FC Blackpool EFL League One (3 Liga Angielska)
13%
FC Portsmouth EFL League One (3 Liga Angielska)
13%
Huddersfield Town Championship (2 Liga Angielska)
9%
Wimbledon FC EFL League Two(4 Liga Angielska)
9%
Charlton Athletic EFL League One (3 Liga Angielska)
6%
Oldham Athletic National League(5 Liga Angielska)
6%
Bradford City EFL League Two (4 Liga Angielska)
4%
Swindon Town EFL League Two (4 Liga Angielska)
2%
FC Bransley EFL League One (3 Liga Angielska)
0%
Nie znaleziono quizów pasujących do podanych kryteriów
Rozkład punktacji
Procent ludzi z każdym wynikiem
Percentyl według liczby udzielonych odpowiedzi
Twoja historia wyników
Nie rozwiązałeś tego quizu